El imputado y el testigo ante el juez psicologa̕ del interrogatorio /

Bibliographic Details
Main Author: Segura Oronich, Andrš
Format: Unknown
Language:Spanish
Published: Barcelona : CEDECS, 1998
Online Access:Acceso restringido

MARC

LEADER 00000ny a22000003n 4500
005 20110526151638.0
008 990223s1998 sp s 000 0 spa c
017 |a L717-1998 
020 |a 8489171998 
035 |a 366 
040 |a UMA.DER  |d vLex 
040 |a UMA.RE  |d vLex 
080 |a 159.9:343.144 
080 |a 340.6 
080 |a 343.144:159.9 
090 |c 303  |d 303 
100 1 |a Segura Oronich, Andrš 
245 1 3 |a El imputado y el testigo ante el juez  |h [Recurso electrn̤ico]  |b psicologa̕ del interrogatorio /  |c Andrš Segura Oronich 
256 |a Servicio en ln̕ea 
260 |a Barcelona :  |b CEDECS,  |c 1998 
300 |a 204 p. ;  |c 23 cm 
504 |a Bibliografa̕: p. 201-202 
506 1 |a Contenido solo disponible en los productos indicados  |d vLex Global  |d vLex Global (Academic Edition, excluding Law Schools)  |d vLex Global (U.S. Academic Edition, Law Schools)  |d vLex Global (U.S. Academic Edition, excluding Law Schools)  |d vLex Global (Academic Edition, Law Schools) 
740 0 |a vLex Libros (Servicios en ln̕ea) 
856 4 0 |z Acceso restringido  |u http://vlex.com/source/imputado-testigo-interrogatorio-juez-366 
942 |c BOOK 
999 0 |a Law  |b Barcelona